000 00803nam a2200217 i 4500
001 65441
003 ES-MaACL
005 20250804062559.0
007 t|
008 040113s1971 sp ||||1| spa d
100 1 _aFreud, Sigmund,
_d1856-1939
_952547
245 1 0 _aEsquema del psicoanálisis y otros escritos de doctrina psicoanalítica /
_cSigmund Freud ; [traductor, Luis López-Ballesteros y de Torres y Ramón Rey Ardid].
260 _aMadrid :
_bAlianza,
_c[1974]
300 _a356 p. ;
_c18 cm.
490 1 _ael libro de bolsillo. Sección humanidades
700 1 _aLópez-Ballesteros y de Torres, Luis.
_973432
700 1 _aRey Ardid, Ramón.
_996517
830 0 3 _aEl libro de bolsillo.
_pHumanidades
_9178672
852 _aES-MaACL
_jE-6706
_bR.90743
999 _c65441
_d65441